000 00795nam a2200229 a 4500
999 _c4551
_d4551
001 4551
003 BD-JhCC
005 20210930134020.0
008 171128s1998 bg a|||| |||| 001 0 ben d
020 _a9840737295
035 _a(BD-JhCC) 4551
040 _aBD-JhCC
_dBD-JhCC
041 _aben
082 _a520.3
_bMOH 1998
100 _aমোহাম্মদী, ফারসীম মান্নান
245 _a জ্যোতির্বিজ্ঞান শব্দকোষ /
_cফারসীম মান্নান মোহাম্মদী
260 _aঢকা :
_bবাংলা একাডেমী,
_c১৯৯৮.
300 _a২৩৯ পৃ. :
_c২৪ সেমি.
_bill. ;
650 _aAstronomy
_xDictionary
942 _2ddc
_cBK
_02